| 000 | 01383nam a2200277Ia 4500 | ||
|---|---|---|---|
| 999 |
_c34707 _d34707 |
||
| 001 | 494 | ||
| 003 | GE_BSU | ||
| 005 | 20200127123017.0 | ||
| 008 | 181216s2008||||ge |||||||||||||| ||geo|| | ||
| 020 | _a9992875617 | ||
| 040 | _cGE_BSU | ||
| 041 | _ageo | ||
| 080 | _a659.4(075.8)+316.772.4(075.8) შ–93 | ||
| 100 |
_aშუბითიძე, ვაჟა _96107 |
||
| 245 |
_aსაზოგადოებასთან ურთიერთობა (პიარი) : _b[სახელმძღვ. სტუდ.] / _cვაჟა შუბითიძე ; [რედ. ქეთევან ჯიჯეიშვილი]. |
||
| 264 |
_aთბილისი : _bშპს "დარბეგი" _c2008-2009 |
||
| 300 |
_a148 გვ. _b19 სმ. |
||
| 500 | _aეძღვნ. 2008 წ. აგვისტოში რუსეთ-საქართველოს ომის დროს დაღუპულ მამულიშვილთა ხსოვნას. | ||
| 504 | _a ბიბლიოგრ.: გვ. 146. | ||
| 541 | _h20ლ. | ||
| 653 | _aსაზოგადოებასთან ურთიერთობა | ||
| 653 | _aპიარი | ||
| 653 | _aფაბლიკ რილეიშენზი | ||
| 700 |
_aჯიჯეიშვილი, ქეთევან _eრდაქტორი _96399 |
||
| 942 |
_cBK _2udc |
||